00437nam a2200157Ia 4500008004100000020001500041041001200056082001100068100002100079245008800100250000800188260003800196300000800234650002100242700001600263221030s9999 xx 000 0 und d a8131501671 aEnglish a105.23 aJ. C. Giarratano 0aExpert Systems - Principles & Programming With CDcby J. C. Giarratano, G. D. Riley a4th bCengage LearningaNew Delhic2009 a842 aCSE Career Award aG. D. Riley